Normal view
MARC view
- INDIAN MILITARY INSTRUCTION INDIAN FOREIGN RELATION INDIAN ECONOMY
Entry Topical Term
001 - CONTROL NUMBER
- control field: 56185
003 - CONTROL NUMBER IDENTIFIER
- control field: NUST
005 - DATE AND TIME OF LATEST TRANSACTION
- control field: 20210628201642.0
008 - FIXED-LENGTH DATA ELEMENTS
- fixed length control field: 210628|| aca||aabn | a|a d
040 ## - CATALOGING SOURCE
- Original cataloging agency: NUST
- Transcribing agency: NUST
150 ## - HEADING--TOPICAL TERM
- Topical term or geographic name entry element: INDIAN MILITARY INSTRUCTION INDIAN FOREIGN RELATION INDIAN ECONOMY
670 ## - SOURCE DATA FOUND
- Source citation: Work cat.: (NUST): JAVED, HASSAN LT COL 56184, INDIA ,A STUDY IN PROFILE, 1990
